| 000 | 00636nam a22001937a 4500 | ||
|---|---|---|---|
| 999 |
_c15974 _d15974 |
||
| 003 | AR-CdUCM | ||
| 008 | 190430b ||||| |||| 00| 0 spa d | ||
| 040 |
_aMUNICIPALIDAD PROVINCIAL DEL CUSCO _cBIBLIOTECA MUNICIPAL DEL CUSCO |
||
| 082 |
_aPI / 372.64 / _bB41 |
||
| 100 |
_aBenavente, Noelia F. _935235 |
||
| 245 |
_aCampanita : _bLibro de lectura inicial / |
||
| 260 |
_aBuenos Aires : _bKapelusz, _c1961. |
||
| 300 |
_a95 páginas ; _bilustraciones, _c20 cm. |
||
| 650 |
_aLiteratura infantil _9588 |
||
| 650 |
_aAprendizaje infantil _933271 |
||
| 650 |
_aPrimera infancia _924660 |
||
| 942 |
_2ddc _cLIBROS |
||
| 945 |
_aachl _d2019-04-30 |
||